LEADER 00918nam--2200337---450- 001 990000556290203316 035 $a0055629 035 $aUSA010055629 035 $a(ALEPH)000055629USA01 035 $a0055629 100 $a20010710d1968----km-y0itay0103----ba 101 $aita 102 $aIT 105 $a||||||||001yy 200 1 $aDidattica e docimologia$emisurazione e valutazione nella scuola 205 $a6. rist. 210 $aRoma$cArmando Ed.$d1968 215 $a591 p.$cill.$d24 cm 410 $12001 676 $a371. 700 1$aGATTULO,$bMario$0546468 801 0$aIT$bsalbc$gISBD 912 $a990000556290203316 951 $a371 GAT$b1941 CBS$c371$d00107340 959 $aBK 969 $aSCI 979 $aPATTY$b90$c20010710$lUSA01$h1545 979 $c20020403$lUSA01$h1705 979 $aPATRY$b90$c20040406$lUSA01$h1639 996 $aDidattica e docimologia$9884461 997 $aUNISA LEADER 01187nam--2200349---450- 001 990003239750203316 005 20090511091554.0 010 $a978-88-387-4795-4 035 $a000323975 035 $aUSA01000323975 035 $a(ALEPH)000323975USA01 035 $a000323975 100 $a20090511h2009----km-y0itay0103----ba 101 1 $aita 102 $aIT 105 $a||||||||001yy 200 1 $aFinanza privata e finanza pubblica$ei mutui subprime e la spending review$fa cura di Rita Perez 210 $aSantarcangelo di Romagna$cMaggioli$dcopyr. 2009 215 $a213 p.$d24 cm 300 $aIn testa al front.: Sapienza Università di Roma, Facoltà di Scienze statistiche, Dottorato di ricerca di diritto amministrativo, Istituto di ricerche sulla pubblica amministrazione (Irpa) 410 0$12001 606 0 $aFinanza$yItalia$2BNCF 676 $a332.109 702 1$aPEREZ,$bRita 801 0$aIT$bsalbc$gISBD 912 $a990003239750203316 951 $a332.109 FIN 1$b17461 E.C.$c332.109$d00189530 959 $aBK 969 $aECO 979 $aIANNONE$b90$c20090511$lUSA01$h0915 996 $aFinanza privata e finanza pubblica$91012839 997 $aUNISA LEADER 01386nam--2200409---450- 001 990003378130203316 005 20100311100024.0 035 $a000337813 035 $aUSA01000337813 035 $a(ALEPH)000337813USA01 035 $a000337813 100 $a20100310d1981----km-y0itay50------ba 101 $aita 102 $aIT 105 $a||||||||001yy 200 1 $aSannio$ePentri e Frentani dal 6. al 1. sec. a. C.$eNapoli, Museo Archeologico Nazionale, dicembre 1981-gennaio 1982$f[mostra organizzata da] Soprintendenza Archeologica delle Province di Napoli e Caserta$g[ha coordinato l'edizione: Renata Cantilena] 210 $a[Roma]$cMinistero per i Beni Culturali ed Ambientali$d1981 215 $a116 p.$cill.$d25 cm 300 $aGuida alla mostra 410 0$12001 454 1$12001 461 1$1001-------$12001 607 0 $aSannio$zSec. 6.-1. a. C. 676 $a937.7 702 1$aCANTILENA,$bRenata 712 1$aItalia : Soprintendenza Archeologica delle Province di Napoli e Caserta 801 0$aIT$bsalbc$gISBD 912 $a990003378130203316 951 $aAA 9,9$b1924 DSA/ISAA 959 $aBK 969 $aDSA 979 $aDSA$b10$c20100310$lUSA01$h1406 979 $aDSA$b10$c20100311$lUSA01$h0957 979 $aDSA$b10$c20100311$lUSA01$h0958 979 $aDSA$b10$c20100311$lUSA01$h1000 996 $aSannio$9296005 997 $aUNISA LEADER 04409 am 2200793 n 450 001 9910629398103321 005 20210709 010 $a2-7351-2604-8 024 7 $a10.4000/books.editionsmsh.41783 035 $a(CKB)5590000001000976 035 $a(FrMaCLE)OB-editionsmsh-41783 035 $a(oapen)https://directory.doabooks.org/handle/20.500.12854/95052 035 $a(PPN)266362850 035 $a(EXLCZ)995590000001000976 100 $a20221116j|||||||| ||| 0 101 0 $afre 135 $auu||||||m|||| 181 $ctxt$2rdacontent 182 $cc$2rdamedia 183 $acr$2rdacarrier 200 10$aAteliers de potiers médiévaux en Bretagne /$fFrançois Fichet de Clairfontaine 210 $aParis $cÉditions de la Maison des sciences de l?homme$d2021 215 $a1 online resource (168 p.) 225 1 $aDocuments d?archéologie française 311 $a2-7351-0631-4 330 $aLe projet collectif de recherche conduit de 1984 à 1989 a permit d?aborder l?histoire de l?artisanat potier médiéval en Bretagne en privilégiant le dialogue entre l?étude historique, l?archéologie et l?archéométrie. Ont été successivement menés l?examen diachronique des sources écrites (XIVe-XXe s.), les prospections et études des environnements géologique et archéologique, la fouille de sites potiers carolingiens (Meudon à Vannes, Planguenoual) ou des XIe -XIIe s. (Fontenay à Chartres-de-Bretagne) ; celle-ci était axée sur l?ensemble des structures des ateliers et non pas seulement sur les fours, et l?analyse des productions (analyse morphologique, caractérisation pétrographique, datation par archéomagnétisme). Cette recherche, nourrie par des réflexions méthodologiques, a fait l?objet de dix contributions qui reflètent la diversité des approches et renouvellent l?histoire des ateliers et centres potiers de la région Bretagne. A research project carried out between 1984 et 1989 permitted a multidisciplinary approach to the problem of the history of medieval pottery production centres in Brittany to be studied by a dialogue between history, archeology and archaeometry. Diachronic studies of the written sources (XIVth-XXth centuries), fieldwork and studies of the geological and archeological environment were systematically carried out, the excavation of two Carolingian production sites (Meudon near Vannes and Plangueuoual, Côtes-d?Armor) or from XIth-XIIth centuries (Fontenay in Chartres-de-Bretagne); these being axed on sise totality of the workshop structures and not only on the kilns, the analysis of the products (morphological analysis, petrographical characterisation and archaeomagnetic dating). This research, feed by methodological techniques, comprises ten contributions each reflecting the diverse approaches and the renewal of interest in the history of pottery workshops and centres rti Brittany. 606 $aArchaeology 606 $aBretagne 606 $aarchives 606 $acéramique 606 $aMoyen Âge 606 $afours 606 $aarchéomagnétisme 606 $apétrographie 610 $aBretagne 610 $aarchives 610 $acéramique 610 $aMoyen Âge 610 $afours 610 $aarchéomagnétisme 610 $apétrographie 615 4$aArchaeology 615 4$aBretagne 615 4$aarchives 615 4$acéramique 615 4$aMoyen Âge 615 4$afours 615 4$aarchéomagnétisme 615 4$apétrographie 700 $aAndré$b Patrick$01317958 701 $aBarrère$b Michel$01350237 701 $aBeuchet$b Laurent$01350238 701 $aBizien?Jaglin$b Catherine$01350239 701 $aCoquet$b José$01350240 701 $aFichet de Clairefontaine$b François$01366621 701 $aFichet de Clairfontaine$b François$01317584 701 $aGiot$b Pierre?Roland$01366620 701 $aLangouët$b Loïc$01285785 701 $aLanos$b Philippe$01323524 701 $aLeroux$b Gilles$01289353 701 $aMorzadec$b Hervé$01348792 701 $aTaquet$b Dominique$01350242 701 $aTriste$b Alain$01350243 701 $aFichet de Clairfontaine$b François$0459318 801 0$bFR-FrMaCLE 906 $aBOOK 912 $a9910629398103321 996 $aAteliers de potiers médiévaux en Bretagne$93389261 997 $aUNINA LEADER 02916nam 2200373 450 001 9910688596303321 005 20230624101331.0 035 $a(CKB)5400000000043097 035 $a(NjHacI)995400000000043097 035 $a(EXLCZ)995400000000043097 100 $a20230624d2020 uy 0 101 0 $aeng 135 $aur||||||||||| 181 $ctxt$2rdacontent 182 $cc$2rdamedia 183 $acr$2rdacarrier 200 00$aApplications of biochar for environmental safety /$fAhmed Abdelhafez, Mohamed Abbas, editors 210 1$aLondon :$cIntechOpen,$d[2020] 210 4$d©2020 215 $a1 online resource (276 pages) 311 $a1-83880-241-X 327 $a1. Introductory Chapter: Is Biochar Safe? -- 2. A Mini Review of Biochar Synthesis, Characterization, and Related Standardization and Legislation -- 3. Forest Trees for Biochar and Carbon Sequestration: Production and Benefits -- 4. Mechanism of In-Situ Catalytic Cracking of Biomass Tar over Biochar with Multiple Active Sites -- 5. Comparative Evaluation of Hydrochars and Pyrochars for Phosphate Adsorption from Wastewater -- 6. Biochar Application for Improved Resource Use and Environmental Quality -- 7. Importance of Biochar in Agriculture and Its Consequence -- 8. Biochar Potential in Improving Agricultural Production in East Africa -- 9. Enhancement of Soil Health Using Biochar -- 10. Challenges of Biochar Usages in Arid Soils: A Case Study in the Kingdom of Saudi Arabia -- 11. The Use of Biochar as a Soil Amendment to Reduce Potentially Toxic Metals (PTMs) Phytoavailability -- 12. Biochar Effects on Amelioration of Adverse Salinity Effects in Soils -- 13. Sorption of Heavy Metals onto Biochar -- 14. Biochar-Assisted Wastewater Treatment and Waste Valorization -- 15. Application of Biochar for Treating the Water Contaminated with Polar Halogenated Organic Pollutants. 330 $aBiochar is a carbon-rich material produced from the pyrolysis of organic materials from agricultural and forestry biomass at a relatively low temperature in the absence of oxygen. As such, it has potential for solving many agricultural and environmental problems.This book is divided into five sections: "Introduction," "Production and Legislation of Biochar," "Applications of Biochar for Soil Fertility Improvement," "Role of Biochar for Soil Remediation and Ameliorating Salinity Effects" and "Applications of Biochar for Water Treatment." Chapters address topics such as the pros and cons of biochar, its production, and its role in remediating and treating contaminated soils and water. 606 $aSedimentology 615 0$aSedimentology. 676 $a552.5 702 $aAbbas$b Mohamed 702 $aAbdelhafez$b Ahmed 801 0$bNjHacI 801 1$bNjHacl 906 $aBOOK 912 $a9910688596303321 996 $aApplications of Biochar for Environmental Safety$93153389 997 $aUNINA